000 00737nam a2200205Ii 4500
003 JO-AjNU
008 230605s9999||||xx |||||||||||||| ||und||
040 _aJO-AjNU
_bara
_erda
_cJO-AjNU
041 _aara
050 1 4 _aPJ7507.A43 1968
100 3 _aزكي، أحمد كمال,
_eauthor
_935399
245 0 0 _aدراسات في النقد الأدبي، ج1
250 _aط2: مزيدة ومنقحة
264 3 1 _aد.م: دار الاندلس للطباعة والنشر والتوزيع، 1968
300 _aج1، 297ص
336 _atext
_btxt
_2rdacontent
337 _aunmediated
_bn
_2rdamedia
338 _avolume
_bnc
_2rdacarrier
650 4 _aالنقد الأدبي-دراسات في النقد الأدبي-نقد
_935400
999 _aA14611
_c18179
_d18179